00774nam a2200217 a 450000100100000000500170001000800410002704000250006808200170009310000290011024500840013924600450022326000380026830000280030650000650033450400320039965000380043165000170046965000330048670000370051900001489220250430073846.0100127s19uu dr a 001 0 spa d aDO-SdBNPbspacBNPHU a158.1bM343c1 aMarizán, Jaime Antonio10aConsejos del alma /cJaime Antonio Marizán ; prólogo Ramón Tomás Aybar.14aConsejos del alma:ba los que buscan luz aSanto Domingo :bRojam,c[19--?]. a214 p. :bil. ;c21 cm. aLa biblioteca posee un ejemplar autografíado por el autor. aBibliografía: p. 213-214. 0aAutorrealización (Psicología) 4aConsejería 4aOrientación (psicología)1 aAybar, Ramón Tomás,epról.